000 00779cam a22002054a 4500
005 20250605164217.0
008 250528s ||||||||||||||||||||||||d
035 _a20491
020 _a75138485
040 _aGR-AtMCL
_bgre
_dGR-AtMCL
_eAACR2
245 1 _aThe Dimensions of History / Readings on the Nature of History and the Problems of Historical Interpretation
260 _bRand Mcnally & Company,
_c1971
300 _a158
505 0 _aPreface, Acknowledgements, The Challenges of History, The Nature of History, The Ingredients of History, Index.
520 _aPreface, Acknowledgements, The Challenges of History, The Nature of History, The Ingredients of History, Index.
700 1 _aGuinsburg Thomas N
_96473
942 _cBK
999 _c5593
_d5593